<?xml version="1.0" encoding="UTF-8"?>
<record
    xmlns:xsi="http://www.w3.org/2001/XMLSchema-instance"
    xsi:schemaLocation="http://www.loc.gov/MARC21/slim http://www.loc.gov/standards/marcxml/schema/MARC21slim.xsd"
    xmlns="http://www.loc.gov/MARC21/slim">

  <leader>00817cam a22002531  4500</leader>
  <controlfield tag="001">he 68000631 </controlfield>
  <controlfield tag="003">DLC</controlfield>
  <controlfield tag="005">20260227111454.0</controlfield>
  <controlfield tag="008">870223s1963    is            000 0 hebo </controlfield>
  <datafield tag="010" ind1=" " ind2=" ">
    <subfield code="a">he 68000631 </subfield>
  </datafield>
  <datafield tag="035" ind1=" " ind2=" ">
    <subfield code="a">(OCoLC)15228574</subfield>
  </datafield>
  <datafield tag="040" ind1=" " ind2=" ">
    <subfield code="a">DLC</subfield>
    <subfield code="c">CU</subfield>
    <subfield code="d">DLC</subfield>
  </datafield>
  <datafield tag="041" ind1="1" ind2=" ">
    <subfield code="a">heb</subfield>
    <subfield code="h">eng</subfield>
  </datafield>
  <datafield tag="050" ind1="0" ind2="0">
    <subfield code="a">PR2796.H4</subfield>
    <subfield code="b">K53</subfield>
  </datafield>
  <datafield tag="100" ind1="1" ind2=" ">
    <subfield code="a">Shakespeare, William,</subfield>
    <subfield code="d">1564-1616.</subfield>
  </datafield>
  <datafield tag="240" ind1="1" ind2="0">
    <subfield code="a">King Lear.</subfield>
    <subfield code="l">Hebrew</subfield>
  </datafield>
  <datafield tag="245" ind1="1" ind2="0">
    <subfield code="a">Melekh Lir</subfield>
    <subfield code="c">[me-et] &#x1E7E;ilyam She&#x1E33;spir. &#x2BB;Ivrit bi-yede Sh. Ts. Da&#x1E7F;idovits.</subfield>
  </datafield>
  <datafield tag="260" ind1=" " ind2=" ">
    <subfield code="a">Yerushalayim,</subfield>
    <subfield code="c">&#x1E32;iryat Sefer,</subfield>
    <subfield code="c">724 [1963 or 4]</subfield>
  </datafield>
  <datafield tag="300" ind1=" " ind2=" ">
    <subfield code="a">140 p.</subfield>
    <subfield code="c">21 cm.</subfield>
  </datafield>
  <datafield tag="500" ind1=" " ind2=" ">
    <subfield code="a">Added t. p.: King Lear. Translated into Hebrew by S. H. Davidowitz.</subfield>
  </datafield>
  <datafield tag="500" ind1=" " ind2=" ">
    <subfield code="a">Vocalized.</subfield>
  </datafield>
  <datafield tag="650" ind1=" " ind2="0">
    <subfield code="a">Lear, King (Legendary character)</subfield>
    <subfield code="v">Drama.</subfield>
  </datafield>
  <datafield tag="700" ind1="1" ind2=" ">
    <subfield code="a">Davidowitz, Harry Soloman,</subfield>
    <subfield code="d">1887-</subfield>
  </datafield>
  <datafield tag="999" ind1=" " ind2=" ">
    <subfield code="c">32998</subfield>
    <subfield code="d">32998</subfield>
  </datafield>
</record>
